Wörterbuch des internationalen Messenwesens

Na minha lista:
Detalhes bibliográficos
Autor principal: Martius, Theodor
Formato: Livro
Idioma:alemão
Publicado em: Leipzig VEB Verlag Enzyklopädie 1967
Tags: Adicionar Tag
Sem tags, seja o primeiro a adicionar uma tag!

MARC

LEADER 00000nam a2200000 4500
001 c122716
005 20150325111259.0
041 0 |a ger 
044 |a DE 
245 1 0 |a Wörterbuch des internationalen Messenwesens  |c Theodor Martius 
264 1 |a Leipzig  |b VEB Verlag Enzyklopädie  |c 1967 
300 |a 417 s. 
100 1 |a Martius, Theodor